5HLuxD.jpg

KING HENRY VIII SENIOR AND PRIMARY SCHOOL LIBRARY OPAC

I am David / (Record no. 1918)

000 -LEADER
fixed length control field 01029pam a2200337 i 4500
001 - CONTROL NUMBER
control field 018590280
003 - CONTROL NUMBER IDENTIFIER
control field Uk
005 - DATE AND TIME OF LATEST TRANSACTION
control field 20230217121550.0
008 - FIXED-LENGTH DATA ELEMENTS--GENERAL INFORMATION
fixed length control field 170913r20181965enkb |0|0 f|eng
015 ## - NATIONAL BIBLIOGRAPHY NUMBER
National bibliography number GBB7L0365
Source bnb
016 7# - NATIONAL BIBLIOGRAPHIC AGENCY CONTROL NUMBER
Record control number 018590280
Source Uk
020 ## - INTERNATIONAL STANDARD BOOK NUMBER
International Standard Book Number 9781405288736
Qualifying information paperback :
040 ## - CATALOGING SOURCE
Original cataloging agency StDuBDS
Language of cataloging eng
Transcribing agency StDuBDS
Modifying agency Uk
-- KH8
Description conventions rda
041 1# - LANGUAGE CODE
Language code of text/sound track or separate title eng
Language code of original dan
042 ## - AUTHENTICATION CODE
Authentication code ukblsr
082 04 - DEWEY DECIMAL CLASSIFICATION NUMBER
Classification number 839.81374 HOL
Edition number 23
100 1# - MAIN ENTRY--PERSONAL NAME
Personal name Holm, Anne,
Dates associated with a name 1922-1998,
Relator term author.
240 10 - UNIFORM TITLE
Uniform title David.
Language of a work English
245 10 - TITLE STATEMENT
Title I am David /
Statement of responsibility, etc. Anne Holm ; translated from the Danish by L. W. Kingsland.
264 #1 - PRODUCTION, PUBLICATION, DISTRIBUTION, MANUFACTURE, AND COPYRIGHT NOTICE
Place of production, publication, distribution, manufacture London :
Name of producer, publisher, distributor, manufacturer Egmont,
Date of production, publication, distribution, manufacture, or copyright notice 2018.
264 #4 - PRODUCTION, PUBLICATION, DISTRIBUTION, MANUFACTURE, AND COPYRIGHT NOTICE
Date of production, publication, distribution, manufacture, or copyright notice ©1965
300 ## - PHYSICAL DESCRIPTION
Extent 190 pages :
Other physical details 1 map (black and white) ;
Dimensions 20 cm
336 ## - CONTENT TYPE
Content type term text
Source rdacontent
337 ## - MEDIA TYPE
Media type term unmediated
Source rdamedia
338 ## - CARRIER TYPE
Carrier type term volume
Source rdacarrier
500 ## - GENERAL NOTE
General note This translation originally published: London: Methuen, 1965.
500 ## - GENERAL NOTE
General note Translated from the Danish.
500 ## - GENERAL NOTE
General note Formerly CIP.
Institution to which field applies Uk
655 #0 - INDEX TERM--GENRE/FORM
Genre/form data or focus term Children's stories.
942 ## - ADDED ENTRY ELEMENTS (KOHA)
Source of classification or shelving scheme
Koha item type Books - Non Ficton
Holdings
Withdrawn status Lost status Source of classification or shelving scheme Damaged status Not for loan Collection code Permanent Location Current Location Shelving location Date acquired Total Checkouts Full call number Barcode Date last seen Date last checked out Price effective from Koha item type
          Non-Fiction KH8 Primary School Library KH8 Primary School Library Non Fiction 2023-02-17 3 839.81374 HOL KHPL000003638 2025-12-05 2025-04-15 2023-02-17 Books - Non Ficton

Powered By KH8 IT Dept